01381cam a22003497a 45000010005000000030006000050050017000110080041000280100017000690150015000860200015001010200018001160350023001340400028001570500023001850820016002081000022002242450071002462500036003172600046003533000039003995050007004385200275004455210018007205210018007386500043007567000030007999060045008299420015008749990015008899520127009042834FISKH20240116151122.0000802r19981997enka j 000 1 eng  a 2002391125 aGBA0-46051 a1858813530 a9781444001006 a(OCoLC)ocm44737517 aUKMdUKMcDLCdDLCbeng00aPZ7.S604bHsg 199804a823.9142211 aSimon, Francesca.10aHorrid Henry's nits /cFrancesca Simon ; illustrated by Tony Ross. aThis edition published in 2010  aLondon :bOrion Children's Books, c1997  a71 pages :billustrations ;c20 cm aN  aA blue Early Reader is perfect for sharing and reading together. A red Early Reader is the next step on your reading journey. Horrid Henry has got nits - again! But as an impending visit from Nitty Nora the Nit Nurse looms, Henry's determined he won't be the only one...8 a550 bLexile 8 aN bRaz-Plus  aBeginning Level vChildren's Fictions 1 aRoss, Tony.eillustrator  a7bcbcccopycatd2encipf20gy-gencatlg 2ddccBKn0 c2834d2834 00102ddc40708JUVFa001b001cTK Yellowd2024-01-16l0oSIM 823.914 PZ7p2024-0040r2024-01-16 15:11:12w2024-01-16yBK